00672 2200205 4500001002100000005001700021008004100038035002400079082001200103090001900115110005200134245011700186260006100303300003000364650002500394850001500419980001100434985000600445999001500451YOGYA-0209000001362320090227022336.0 ind  0010-020900000013623 a181.598 a181.598bInd P aINDONESIA. Departemen Pendidikan dan Kebudayaan aPedoman Teknis Pembinaan Pengahaya Kepercayaan Terhadap Tuhan Yang Maha Esa dan kebijaksanaan Teknis Operasional aJakartabDepartemen Pendidikan dan Kebudayaanc1989/1990 axiv, 152 hlmbIlusc21 cm aFilsafat-Kepercayaan aYOPDYOG(B) a050705 a1 aA000018448